000 00659nam a2200253Ia 4500
003 OSt
005 20221007100631.0
006 a|||||r|||| 00| 0
007 ta
008 221006b |||||||| |||| 00| 0 eng d
024 _a4,793
037 _cTextual
040 _aLCO
_cLCO
_beng
041 _2eng
_aeng
082 _aX724:(Z), M2
100 _aBhattacharya Sukumar
245 0 _aIndian Income Tax Law and Practice
250 _a14th
260 _aNagpur
_bWadhwa Sales Corporation India
_c1982
300 _a933
650 _aINCOME TAX
942 _hX724:(Z), M2
_cTEXL
999 _c1174356
_d1174356